Zwycięzcy Pucharu Polski w piłce nożnej - Statystyki

Ogólne statystyki
  • Ten quiz został rozwiązany 59 razy
  • Średni wynik to 54 z 68
Statystyki odpowiedzi
Hint Odpowiedź % Poprawnych
1981/82 Lech Poznań
98%
1983/84 Lech Poznań
98%
1987/88 Lech Poznań
98%
2003/04 Lech Poznań
98%
2008/09 Lech Poznań
98%
1954/55 Legia Warszawa
98%
1955/56 Legia Warszawa
98%
1963/64 Legia Warszawa
98%
1965/66 Legia Warszawa
98%
1972/73 Legia Warszawa
98%
1979/80 Legia Warszawa
98%
1980/81 Legia Warszawa
98%
1988/89 Legia Warszawa
98%
1989/90 Legia Warszawa
98%
1993/94 Legia Warszawa
98%
1994/95 Legia Warszawa
98%
1996/97 Legia Warszawa
98%
2007/08 Legia Warszawa
98%
2010/11 Legia Warszawa
98%
2011/12 Legia Warszawa
98%
2012/13 Legia Warszawa
98%
2014/15 Legia Warszawa
98%
2015/16 Legia Warszawa
98%
2017/18 Legia Warszawa
98%
2020/21 Raków Częstochowa
93%
2021/22 Raków Częstochowa
93%
1982/83 Lechia Gdańsk
91%
2018/19 Lechia Gdańsk
91%
2019/20 Cracovia
88%
1925/26 Wisła Kraków
88%
1966/67 Wisła Kraków
88%
2001/02 Wisła Kraków
88%
2002/03 Wisła Kraków
88%
1964/65 Górnik Zabrze
86%
1967/68 Górnik Zabrze
86%
1968/69 Górnik Zabrze
86%
1969/70 Górnik Zabrze
86%
1970/71 Górnik Zabrze
86%
1971/72 Górnik Zabrze
86%
1950/51 Ruch Chorzów
86%
1973/74 Ruch Chorzów
86%
1995/96 Ruch Chorzów
86%
1978/79 Arka Gdynia
82%
2016/17 Arka Gdynia
82%
1952 Polonia Warszawa
80%
2000/01 Polonia Warszawa
80%
1984/85 Widzew Łódź
75%
1975/76 Śląsk Wrocław
73%
1986/87 Śląsk Wrocław
73%
1956/57 ŁKS Łódź
70%
1985/86 GKS Katowice
64%
1990/91 GKS Katowice
64%
1992/93 GKS Katowice
64%
2013/14 Zawisza Bydgoszcz
64%
2009/10 Jagiellonia Białystok
63%
2005/06 Wisła Płock
55%
1997/98 Amica Wronki
52%
1998/99 Amica Wronki
52%
1999/00 Amica Wronki
52%
1961/62 Zagłębie Sosnowiec
45%
1962/63 Zagłębie Sosnowiec
45%
1976/77 Zagłębie Sosnowiec
45%
1977/78 Zagłębie Sosnowiec
45%
1991/92 Miedź Legnica
41%
1974/75 Stal Rzeszów
30%
2004/05 Dyskobolia Grodzisk Wielkopolski
25%
2006/07 Dyskobolia Grodzisk Wielkopolski
25%
1953/54 Gwardia Warszawa
16%
Nie znaleziono quizów pasujących do podanych kryteriów
Rozkład punktacji
Procent ludzi z każdym wynikiem
Percentyl według liczby udzielonych odpowiedzi
Twoja historia wyników
Nie rozwiązałeś tego quizu